Conclusion about disparities on the level of countries and regions, the common and specific reasons
Salvato in:
| Autore principale: | |
|---|---|
| Altri autori: | |
| Natura: | Capitolo di libro |
| Lingua: | inglese |
| Soggetti: | |
| Tags: |
Nessun Tag, puoi essere il primo ad aggiungerne!!
|
MARC
| LEADER | 00000naa$a2200000$$$4500 | ||
|---|---|---|---|
| 001 | 0105323 | ||
| 005 | 20240502072148.6 | ||
| 041 | 0 | |a eng | |
| 044 | |a SK | ||
| 245 | 1 | 0 | |a Conclusion about disparities on the level of countries and regions, the common and specific reasons |c Milan Buček, Menbere Workie Tiruneh |
| 500 | |a Abstrakt | ||
| 610 | 2 | 0 | |a regióny |
| 610 | 2 | 0 | |a disparita |
| 610 | 2 | 0 | |a konvergencia |
| 610 | 2 | 0 | |a modely |
| 100 | 1 | |a Buček, Milan | |
| 700 | 1 | |a Workie Tiruneh, Menbere | |